000 00518nam a2200169Ia 4500
003 GCL
008 140319s9999 xx 000 0 ara d
040 _aGCL /
_cGCL
082 0 4 _a214.15
_bع ق
100 1 _aعبدالحميد كشك
245 1 0 _aالقلق: العلاج الاسلامى لمشكله العصر /
_cعبدالحميد كشك
260 _a[S.N] :
_bمكتبة التراث الاسلامى
300 _a183 ص
490 _a
650 0 4 _aالاسلام وعلم النفس
942 _2ddc
_cBK
999 _c33286
_d33286